Структура и свойства покрытий на основе стали 10Р6М5 после поверхностной лазерной обработки; Современные техника и технологии; Т. 1
| Parent link: | Современные техника и технологии: сборник трудов XXI международной научной конференции студентов, аспирантов и молодых ученых, Томск, 5-9 октября 2015 г./ Национальный исследовательский Томский политехнический университет (ТПУ).— , 2015 Т. 1.— [С. 356-359] |
|---|---|
| Autor principal: | |
| Corporate Authors: | , |
| Outros Autores: | , |
| Resumo: | Заглавие с титульного экрана |
| Idioma: | russo |
| Publicado em: |
|
| Colecção: | Материалы и технологии новых поколений |
| Assuntos: | |
| Acesso em linha: | http://earchive.tpu.ru/handle/11683/22178 http://www.lib.tpu.ru/fulltext/c/2015/C01/V1/110.pdf |
| Formato: | MixedMaterials Recurso Electrónico Capítulo de Livro |
| KOHA link: | https://koha.lib.tpu.ru/cgi-bin/koha/opac-detail.pl?biblionumber=615139 |
MARC
| LEADER | 00000naa2a2200000 4500 | ||
|---|---|---|---|
| 001 | 615139 | ||
| 005 | 20231227113330.0 | ||
| 035 | |a (RuTPU)RU\TPU\conf\13338 | ||
| 035 | |a RU\TPU\conf\13337 | ||
| 090 | |a 615139 | ||
| 100 | |a 20151027d2015 k y0rusy50 ca | ||
| 101 | 0 | |a rus | |
| 102 | |a RU | ||
| 105 | |a y z 101zy | ||
| 135 | |a drcn ---uucaa | ||
| 181 | 0 | |a i | |
| 182 | 0 | |a b | |
| 200 | 1 | |a Структура и свойства покрытий на основе стали 10Р6М5 после поверхностной лазерной обработки |d Surface laser treatment of coatings on the basis of steel 10Р6М5 |f И. А. Исакин, И. Ю. Зыков |g науч. рук. С. Ф. Гнюсов | |
| 203 | |a Текст |c электронный | ||
| 225 | 1 | |a Материалы и технологии новых поколений | |
| 300 | |a Заглавие с титульного экрана | ||
| 320 | |a [Библиогр.: с. 359 (5 назв.)] | ||
| 337 | |a Adobe Reader | ||
| 461 | 1 | |0 (RuTPU)RU\TPU\conf\13102 |t Современные техника и технологии |o сборник трудов XXI международной научной конференции студентов, аспирантов и молодых ученых, Томск, 5-9 октября 2015 г. |o в 2 т. |f Национальный исследовательский Томский политехнический университет (ТПУ) |d 2015 | |
| 463 | 0 | |0 (RuTPU)RU\TPU\conf\13104 |t Т. 1 |f под ред. А. А. Сивкова [и др.] |v [С. 356-359] | |
| 510 | 1 | |a Surface laser treatment of coatings on the basis of steel 10Р6М5 |z eng | |
| 610 | 1 | |a труды учёных ТПУ | |
| 610 | 1 | |a электронный ресурс | |
| 610 | 1 | |a структура | |
| 610 | 1 | |a свойства | |
| 610 | 1 | |a покрытия | |
| 610 | 1 | |a стали | |
| 610 | 1 | |a поверхностная обработка | |
| 610 | 1 | |a лазерная обработка | |
| 700 | 1 | |a Исакин |b И. А. |g Илья Александрович | |
| 701 | 1 | |a Зыков |b И. Ю. |c специалист в области светотехники |c доцент Томского политехнического университета, кандидат физико-математических наук |f 1974- |g Илья Юрьевич |3 (RuTPU)RU\TPU\pers\30146 |9 14551 | |
| 702 | 1 | |a Гнюсов |b С. Ф. |c специалист в области машиностроения |c профессор Томского политехнического университета, доктор технических наук |f 1960- |g Сергей Фёдорович |4 727 | |
| 712 | 0 | 2 | |a Национальный исследовательский Томский политехнический университет (ТПУ) |b Институт физики высоких технологий (ИФВТ) |b Кафедра лазерной и световой техники (ЛиСТ) |3 (RuTPU)RU\TPU\col\18690 |
| 712 | 0 | 2 | |a Национальный исследовательский Томский политехнический университет (ТПУ) |b Институт неразрушающего контроля (ИНК) |b Кафедра оборудования и технологии сварочного производства (ОТСП) |3 (RuTPU)RU\TPU\col\18708 |
| 801 | 2 | |a RU |b 63413507 |c 20210120 |g RCR | |
| 856 | 4 | |u http://earchive.tpu.ru/handle/11683/22178 | |
| 856 | 4 | |u http://www.lib.tpu.ru/fulltext/c/2015/C01/V1/110.pdf | |
| 942 | |c BK | ||